000 00766nam a2200253Ia 4500
999 _c50329
_d50329
001 17270
003 GE_BSU
005 20200210121030.0
008 181216s2008en xx |||||||||||||| ||eng||
020 _a 9789941404412
040 _cGE_BSU
041 _aeng
080 _a1 I-84
100 _aIremadze, Tengiz.
_96933
245 _aDer Aletheiologische Realismus : Schalwa Nuzubidse und seine neuen Denkansätze /
_cTengiz Iremadze ; Redak. Guram Tewsadse.
250 _aGrigol Robakidze University
260 _aTbilissi
264 _aTbilissi :
_bNeken,
_c2008.
300 _a116 p;
_c14 cm.
653 _aPhilosophie
653 _aფილოსოფია
700 _aTewsadse, Guram
_eრედაქტორი
_96934
942 _cBK
_2udc